| Tag |
First Indicator |
Second Indicator |
Subfields |
| LEADER |
00000cam a22000001a 4500 |
| 001 |
in00000065749 |
| 005 |
20151008050733.0 |
| 008 |
790416s1952 oku b 00110 engm |
| 010 |
|
|
|a 52009356
|
| 035 |
|
|
|a (OCoLC)00238124
|
| 035 |
|
|
|9 AAG2997AM
|
| 040 |
|
|
|a DLC
|c DLC
|d m.c.
|d TXA
|d UtOrBLW
|
| 043 |
|
|
|a n-us---
|
| 049 |
|
|
|a TXAM
|c 1 [205648], 2 [271237]
|
| 050 |
0 |
0 |
|a HD9580.U5
|b W6
|
| 100 |
1 |
|
|a Wolbert, George S.
|
| 245 |
1 |
0 |
|a American pipe lines, their industrial structure, economic status and legal implications /
|c by George S. Wolbert.
|
| 250 |
|
|
|a 1st ed.
|
| 264 |
|
1 |
|a Norman :
|b University of Oklahoma Press,
|c 1952.
|
| 300 |
|
|
|a xi, 179 pages ;
|c 27 cm.
|
| 336 |
|
|
|a text
|b txt
|2 rdacontent
|
| 337 |
|
|
|a unmediated
|b n
|2 rdamedia
|
| 338 |
|
|
|a volume
|b nc
|2 rdacarrier
|
| 500 |
|
|
|a "First published serially under the title of "the pipe line story' in the four issues of volume 4 of the Oklahoma law review ... 1951."."
|
| 504 |
|
|
|a Bibliographical footnotes and index.
|
| 650 |
|
0 |
|a Petroleum pipelines.
|
| 650 |
|
0 |
|a Petroleum industry and trade
|z United States.
|
| 650 |
|
0 |
|a Petroleum pipeline industry
|z United States.
|
| 999 |
|
|
|a MARS
|
| 999 |
f |
f |
|s eb139e62-2c3e-366b-b75e-5774c826dca1
|i d348fbee-1854-39ea-b8c3-5fe8c3a186a7
|t 0
|
| 952 |
f |
f |
|p normal
|a Texas A&M University
|b College Station
|c Sterling C. Evans Library
|d Evans: Library Stacks
|t 0
|e HD9580.U5 W6
|h Library of Congress classification
|i unmediated -- volume
|m A14807591423
|
| 998 |
f |
f |
|a HD9580.U5 W6
|t 0
|l Evans: Library Stacks
|